1281 1291 1186 1223 1247 1150 1941 1774 1117 1985 1451 1428 1069 1438 1040 1485 1344 1114 1490 1936 1999 1778 1000 1577 1535 1097 1863 1887 1413 1855 1632 1777 1115 1507 1228 1343 1529 1166 1671 1648 1304 1191 1270 1098 1403 1137 1293 1011 1804 1014 1961 1259 1477 1017 1168 1354 1410 1640 1624 1363 1693 1061 1414 1394 1590 1250 1766 1039 1936 1390 1722 1577 1289 1812 1955 1940 1676 1633 1074 1309 1436 1215 1069 1443 1311 1109 1577 1165 1902 1780 1152 1504 1722 1920 1164 1460 1789 1802 1930 BCNSPRNW ULIB Ver.6.0+V

เปลี่ยนเป็นภาษาไทย

Change to English
 แสดงรายละเอียดบรรณานุกรม
  กลับหน้าหลัก

Brief Record : Get Marc (ISO 2709) : E-mail record : QR code < ปิดหน้าต่าง
LEADER : 00000nam 2200000uu 4500
001    13399111749
003     ULIB
008    110707s2549||||th 000 0 tha d
020     9749496264
050  4 DS598^bธ284ท 2549
100 0  ธเนศ แสวงดี
245 10 เที่ยวไม่ง้อทัวร์ตีตั๋วตะลุยสิงคโปร์ /^cโดย ธเนศ แสวงดี, เรียบเรียงโดย สุกัญญา วัฒนเจริญพร
260    กรุงเทพฯ :^bทิปไทยอินเตอร์บุ๊ค,^c2549
300    302 หน้า :^bภาพประกอบ
651  4 สิงคโปร์^vหนังสือนำเที่ยว
651  4 สิงคโปร์^vภูมิประเทศและการท่องเที่ยว
653    อาเซียน
700 0  สุกัญญา วัฒนเจริญพร,^eเรียบเรียง
945    ^p195^l0^i019616
995    ทศพร
999 ^a ใช้งานได้ทุกระบบ
รายการนี้ยังไม่มีแท็ก
คุณยังไม่ได้ล็อกอิน คุณสามารถมีกิจกรรมร่วมกับเว็บไซต์ได้ แต่ต้องล็อกอินก่อน ::
  ล็อกอิน

รายการสื่อสารสนเทศ

ลำดับที่ ประเภท เลขเรียก/บาร์โค้ด สถานที่ สถานะ
- ไม่พบข้อมูล -

BibComment


ยังไม่เคยถูกคอมเมนท์

คอมเมนท์ทรัพยากรรายการนี้
  คอมเมนท์: เที่ยวไม่ง้อทัวร์..


 Copyright 2026. Bcnsprnw @Library